[Event "EU-Cup 21st"]
[Site "Saint Vincent"]
[Date "2005.09.20"]
[Round "3.5"]
[White "Lautier, Joel"]
[Black "Macieja, Bartlomiej"]
[Result "1-0"]
[WhiteElo "2672"]
[BlackElo "2593"]
[Annotator "Roiz,M"]
[PlyCount "119"]
[EventDate "2005.09.18"]
[EventType "team-swiss"]
[EventRounds "7"]
[EventCountry "ITA"]
[SourceTitle "CBM 110"]
[Source "ChessBase"]
[SourceDate "2006.01.31"]
[SourceVersion "1"]
[SourceVersionDate "2006.01.31"]
[SourceQuality "1"]
[WhiteTeam "Paris NAO"]
[BlackTeam "Warsaw Polonia"]
[WhiteTeamCountry "FRA"]
[BlackTeamCountry "POL"]

{[%mdl 20480]} 1. d4 Nf6 2. c4 e6 3. Nf3 b6 4. g3 Ba6 5. Qa4 {This line has
the reputation of a very solid system, where white takes a minimal risk.} Bb7
6. Bg2 c5 7. dxc5 bxc5 {In this game Bartlomiej prefers to play with a massive
pawn structure in the centre.} ({The main line on top level is:} 7... Bxc5 8.
O-O O-O 9. Nc3 Be7 {, followed by Na6-c5 or d7-d6.}) 8. O-O Be7 9. Nc3 O-O 10.
Bf4 Qb6 11. Rfd1 Rd8 {Black doesn't hurry with 11...d6. In thid case white may
prepare a quick breakthrough b2-b4 by 12.Rab1.} 12. Rd2 {White's play is very
natural and simple - Joel decides to double the rooks along the d-file.} d5 $6
{As the following game shows, black is not prepared well for playing with
separated pawns.} ({Safer is:} 12... h6) ({or} 12... d6) 13. cxd5 exd5 $6 {
It's clear, that 13...Nxd5 doesn't look logical, but it was black's best
continuation, since now the central pawns become very weak.} ({I would prefer:
} 13... Nxd5 $142 14. Nxd5 (14. Ne5 Nxc3 15. bxc3 Bxg2 16. Rxd8+ Qxd8 17. Kxg2
f6 18. Rd1 Qc8 $14) 14... Bxd5 (14... exd5 15. Ne5 Na6 16. Rad1 $16) 15. Rad1 (
15. Ne5 Bxg2 $14 {-->14.Ne5.}) 15... Nd7 $14) 14. Ne5 $1 {I believe white can
fight for the opening advantage only by energetical play! By the way, the
development of black's knight to d7 is not possible anymore.} ({Nothing
promises:} 14. e3 Na6 15. Rad1 h6 16. h4 (16. Be5 Nb4 {/\Bc6}) 16... Rac8 $10 {
0-1 Sturua,Z-Arkhipov,S/Moscow 1992/CBM 033/[Dautov] (38)} (16... Nb4 17. Ne5
$13)) 14... Na6 {This way of development looks slowly, but I can hardly
recommend another possibility, since the Pd5 is under attack!} (14... Nbd7 15.
Nxd5 Bxd5 16. Bxd5 Nxd5 17. Rxd5 Nxe5 (17... Qxb2 18. Rad1 Nf6 19. Rxd8+ Rxd8
20. Rxd8+ Bxd8 21. Qc4 $16) 18. Rxd8+ Rxd8 19. Bxe5 Qe6 20. Bc3 $16) 15. Rad1
Nc7 {Black's pieces have no coordination and this allows white to win a pawn.}
({The previous game saw:} 15... Qe6 16. Nc4 $1 Nb4 (16... Rac8 17. Ne3 Nb4 18.
a3 Bc6 19. Qa5 $16) {and here white had a clear way of getting an advantage:}
17. Na5 $1 (17. a3 Bc6 18. Qa5 d4 19. axb4 Bxg2 20. Kxg2 cxb4 {'=' 'Tukmakov,
V-Aseev,K USSR(ch) 48/(693) 1989'} 21. Rxd4 Rxd4 22. Rxd4 bxc3 23. bxc3 Qxe2
24. Qe5 Qxe5 25. Nxe5 a5 {1/2-1/2 Tukmakov,V-Aseev,K/Odessa 1989/URS-ch}) 17...
Bc8 18. Qb3 $16 {[%csl Rd5][%cal Ga2a3]} Qb6 $140 19. a3 Qxa5 20. axb4 $18) 16.
e4 $1 {That standard breakthrough is very powerful at this moment.} ({Less
promises} 16. Qb3 Rac8 $2 (16... Qxb3 $142 17. axb3 Bd6 18. Nd3 Bxf4 19. Nxf4
Kf8 $14) 17. Qxb6 axb6 18. Nc4 $1 $16 {1-0 Skembris,S-Arabatzis,M/Athens 1998/
CBM 062 ext (50)}) 16... Ne6 $146 {This is probably the best chance - at least
black can exchange white's dark-squared bishop.} ({The alternatives were even
worse:} 16... dxe4 $2 17. Nc4 Rxd2 18. Rxd2 Qb4 19. Bxc7 $18) ({After} 16...
Qe6 $2 {[%tqu "En","Please,find the refutation of black's previous move","","",
"a4a5","white has a very strong reply:",10] white has a very strong reply:} 17.
Qa5 $1 {Now black cannot avoid loss of material.} Rac8 18. Qxa7 Ba8 19. exd5
Nfxd5 20. Nxd5 Nxd5 21. Bxd5 Bxd5 22. Rxd5 Rxd5 23. Rxd5 Qxd5 24. Qxe7 Qxa2 25.
Qb7 Rd8 26. b3 $18) (16... g5 17. Bxg5 d4 18. Ne2 Qe6 19. Bxf6 Qxf6 20. Nc4 $18
{1-0 Kuzmin,A-Sakaev,K/Moscow 1991/URS-ch (40)}) 17. Nxd5 Bxd5 {After the
exchange at d5 the Bb7 may become uneffective - this is the reason of black's
decision.} ({Hardly better is:} 17... Nxd5 18. exd5 Nxf4 19. Qxf4 Bf6 20. d6
Bxg2 21. Kxg2 $16 {/+-}) 18. exd5 Nxf4 19. Qxf4 Bd6 {Black has consolidated
somehow. Now white's task is breaking black's blockade.} 20. Qf5 {[%cal Ge5c6]}
Bxe5 {This exchange is more or less forced, since the appearance of white's
knight at c6 should be very unpleasant.} 21. Qxe5 Rd6 22. Qc3 ({The immediate} 
22. Rc2 a5 23. Qc3 Rc8 {could lead to the same position.}) 22... Rad8 $2 {
Black's decision is wrong from a strategical point of view - after swapping
the pawns white's bishop becomes much stronger than the Nf6!} ({Black could
provide much more resistance by:} 22... a5 23. Rc2 Rc8 $16 {and white's
attempt to breakthrough by b2-b4 advancement will be connected with some
exchanges.}) 23. Rc2 Nxd5 ({Now it's too late for:} 23... Rc8 24. b4 c4 25. Rd4
$18) 24. Qxc5 Ne7 ({Nothing changes} 24... Qxc5 25. Rxc5 Nb6 26. Rxd6 Rxd6 27.
Rc7 a5 28. b3 Kf8 29. Ra7 Rd1+ 30. Bf1 Rd5 31. a4 $18 {[%cal Gf1b5]}) 25. Rxd6
Rxd6 26. Be4 $18 {The endgame is winning for white - black cannot do anything
against the advancement of white's queen-side pawns. The Ne7 is restricted by
the bishop.} g6 27. Kg2 h5 ({Maybe it was better to keep the pawns at the dark
squares:} 27... h6 $5 {but it shouldn't make much difference!}) 28. h4 Re6 29.
Qxb6 axb6 ({After} 29... Rxb6 30. Rc7 Re6 31. f3 $18 {black would be paralized.
}) 30. Rc4 {[%cal Ga2a4]} Kf8 31. a4 Rd6 {Intending to activate the rook.} ({
After} 31... Ke8 32. b4 Kd7 33. Kf3 Rf6+ 34. Ke2 Re6 35. Kd3 $18 {black cannot
create any counterplay.}) 32. Kf3 Rd2 33. Rb4 {Attacking the Pb6 and forcing
black to keep the rook passive.} Rd6 34. Ke3 Re6 ({Or} 34... Ke8 35. Rd4 Re6
36. Kd2) 35. Kd3 Nc6 {Black cannot advance his monarch, but now the game
transposes into a lost rook endgame.} (35... Ke8 36. Rd4 {[%cal Gb2b4]} f5 37.
Bf3 Re1 38. Rd6 $18) 36. Bxc6 Rxc6 37. Rc4 Rf6 38. f4 Re6 ({After} 38... Ke7
39. b4 Kd7 40. a5 bxa5 41. bxa5 Ra6 42. Rc5 $18 {[%cal Gd3c4] black is
helpless.}) 39. Re4 Rc6 40. Re1 $1 {[%cal Ge1a1,Gb2b4] Now everything is ready
for creating a passed pawn.} Kg7 {[%cal Gg7f6,Gf6f5] A desperate attempt to
get some counterchances by attacking white's kingside pawns with the king.} (
40... Rc7 41. b4 Ra7 42. Ra1 Ke7 43. Kc4 $18) 41. b4 Kf6 42. Re5 {Preventing
any counterplay.} ({Simpler would be:} 42. a5 bxa5 43. bxa5 Kf5 44. Kd4 Kg4 45.
Re3 f6 46. Ra3 $18) 42... Rc1 43. Rb5 {Once again the rook's retreat is forced!
} Rc6 44. Kd4 Ke6 45. Re5+ Kd6 46. f5 $1 {Creating a second weakness on the
opposite side - according to the classical understanding!} Rc1 47. Rd5+ Ke7 ({
Nothing changed} 47... Kc7 48. fxg6 fxg6 49. Rg5 Rc6 50. Re5 Kd7 51. a5 bxa5
52. Rxa5 $18) 48. fxg6 fxg6 49. Rb5 Rc6 50. a5 bxa5 51. Rxa5 {White prefers to
push the b-pawn, as it is closer to it's monarch.} ({Good enough was also} 51.
bxa5 Rc1 (51... Ra6 52. Kc4 Kd7 53. Rc5 $18) 52. Rb6 Ra1 53. a6 $18) 51... Rf6
({Hopeless would be also:} 51... Kd7 52. b5 Rf6 53. Ra7+ Kc8 54. Ra6 Rf5 55.
Kc4 g5 56. Rc6+ Kb7 57. Rc5 $18) 52. Ra7+ Kd8 53. Rg7 {[%csl Rg6][%cal Yg7g6]
Taking control of Pg6. Now black is helpless.} Kc8 54. Kc5 Kb8 ({Or} 54... Rf5+
55. Kb6 Rf6+ 56. Ka5 $18) 55. b5 Re6 56. b6 Rf6 57. Kb5 {Creating a threat of
mate by Kb5-a6 and Rg7-g8.} Rf1 {Finally black is forced to give up one more
pawn.} 58. Rxg6 {Now the Ph5 will also fall in the future, so black has no
chances.} Rb1+ 59. Kc6 Rc1+ 60. Kd5 1-0

[Event "Bundesliga 0506"]
[Site "Germany"]
[Date "2005.11.12"]
[Round "3.2"]
[White "Ftacnik, Lubomir"]
[Black "Miroshnichenko, Evgenij"]
[Result "1/2-1/2"]
[WhiteElo "2612"]
[BlackElo "2634"]
[Annotator "Roiz,M"]
[PlyCount "62"]
[EventDate "2005.10.21"]
[EventType "team-tourn"]
[EventRounds "15"]
[EventCountry "GER"]
[SourceTitle "CBM 110"]
[Source "ChessBase"]
[SourceDate "2006.01.31"]
[SourceVersion "1"]
[SourceVersionDate "2006.01.31"]
[SourceQuality "1"]
[WhiteTeam "Hamburger SK"]
[BlackTeam "Neukoelln"]
[WhiteTeamCountry "GER"]
[BlackTeamCountry "GER"]

{[%mdl 8]} 1. Nf3 d5 2. d4 Nf6 3. c4 e6 4. g3 Bb4+ 5. Bd2 Be7 6. Bg2 O-O 7. O-O
Nbd7 ({Black may also wait with the development of his knight:} 7... c6 8. Qc2
b6 {, followed by Bc8-b7 or Bc8-a6.}) 8. Qc2 {This way of development is the
most popular here.} ({The alternatives are:} 8. Qb3) ({and} 8. Bf4) 8... c6 9.
Rd1 b6 10. b3 Ba6 11. Bf4 Rc8 12. Nc3 {This is a well-known theoretical
position which may arise by different orders of moves. In fact, white may get
this position also from the Queen's Indian!} dxc4 {Black immediately accepts
the pawn sacrifice.} ({Here black had a large choice of possibilities:} 12...
c5) (12... Nh5 13. Bc1 Nhf6 ({or} 13... f5)) (12... h6) ({or} 12... Qe8) 13.
Nd2 {A standard continuation - white exploits the vulnerable position of the
Ba6 for attacking the Pc4.} ({Black doesn't face real problems after:} 13. bxc4
Bxc4 14. Nd2 Ba6 15. Qa4 Bb7 16. Qxa7 Ba8 17. Rac1 c5 18. dxc5 Bxg2 19. Kxg2
Ra8 20. Qb7 Nxc5 $11 {1/2-1/2 Ulko,J-Kharitonov,A/St Petersburg 1999/CBM 074 
(39)}) ({Another common possibility here is:} 13. e4 {--> this position may
also arise after 12...Nh5 13.Bc1 Nhf6 14.e4 dxc4.}) 13... b5 {A principal
answer: black wants to keep the extra pawn at any cost!} ({The alternatives
are:} 13... Nd5 14. bxc4 Nxf4 15. gxf4) ({and} 13... c5 14. dxc5 Bxc5) 14. bxc4
bxc4 15. Qa4 {White wins the pawn back, but black gets a strong passed pawn!} (
{Another possibility here is:} 15. e4 Nb6 (15... c5 16. d5 e5 17. Be3 Ng4 $132)
16. Nf3 Ba3 17. Bg5 h6 18. e5 hxg5 19. Nxg5 $13 {1/2-1/2 Flumbort,A-Szabo,K/
Budapest 2004/CBM 099 ext (42)}) 15... Bb5 16. Nxb5 ({Accepting another pawn
sacrifice gives black a sufficient counterplay:} 16. Qxa7 Nd5 (16... Bb4 $5 17.
Nxb5 cxb5 18. Bb7 Nd5 19. Bxc8 Qxc8 $44) 17. Bxd5 exd5 18. a4 Bb4 19. Nxd5 cxd5
20. axb5 Re8 $44) 16... cxb5 17. Qxb5 Qb6 {Black is ready to trade the queens
in order to connect the rooks.} ({Playable looks also:} 17... Nd5 $5 18. Bxd5
exd5 19. Qxd5 Nf6 20. Qxd8 Rfxd8 21. Nf3 Nd5 $44) 18. a4 $5 $146 {An
interesting attempt to fight for the opening advantage. White wants to
exchange the queens in a more comfortable situation.} ({The previous game saw:
} 18. Qxb6 Nxb6 19. Bb7 Rcd8 20. a4 c3 21. Nb3 Nfd5 22. a5 Nc4 $132 {1-0
Delchev,A-Beliavsky,A/Moscow 2001/CBM 086 (69) while black's lost didn't came
as a result of opening discuss.}) 18... Qxd4 {Now white is able to develop
some initiative, taking advantage of the vulnerablity of the Qd4.} ({Comes to
consideration:} 18... c3 $5 19. Nb3 c2 20. Rd3 a6 $1 21. Qxb6 Nxb6 22. Bb7 Nbd5
23. Bxc8 Rxc8 $44 {while black has reasonable compensation for the exchange.})
19. Rac1 {This was the point of white's idea - now black's queen is in danger,
so he must give up his extra pawn.} a6 $1 {This defensive resource allows
black to avoid big troubles.} ({Much worse would be:} 19... Qb6 $2 20. Nxc4
Qxb5 21. axb5 $16 {with a great advantage of white.}) 20. Qxa6 ({Nothing gives
} 20. Qb7 c3 21. Ne4 Qb4 22. Nxf6+ Nxf6 $11) 20... c3 {Black's counterplay is
connected with this passed pawn!} 21. Ne4 ({The passive} 21. Nb1 {doesn't
promise any advantage:} Qb4 22. Qd3 Rfd8 23. Rxc3 Nc5 24. Qc2 Rxd1+ 25. Qxd1
Rd8 26. Qc1 Qxa4 $11) 21... Qb4 $6 {A dubious decision - black should trade
the queens.} ({I would prefer:} 21... Qc4 $142 {intending to simplify the
position} 22. Qxc4 ({After} 22. Qb5 Nxe4 23. Rxd7 Bb4 $132 {black has enough
counterplay}) 22... Rxc4 23. Nxc3 Ba3 24. Rc2 Rfc8 25. Bb7 R8c5 26. Rd3 Bb4 27.
Bd2 Ra5 $14 {I believe white has no real winning chances here, as black's
pieces are very active.}) 22. Nd6 $6 {This tempting move doesn't promise a
real advantage for white.} ({It was better to consolidate the position by:} 22.
Qb5 Nxe4 (22... Rfd8 23. Nxf6+ Nxf6 24. Rxd8+ Rxd8 25. Be5 Rc8 26. Bc6 $36) 23.
Rxd7 Nf6 24. Qxb4 Bxb4 25. Rd4 $14 {and here white has a permanent advantage
due to his pair of bishops.}) 22... Rc5 $1 {It's important to keep control of
Pc3.} 23. Nb7 {A very concrete play! However, now white's pieces have no much
coordination, so black shouldn't face real problems.} ({After} 23. Nb5 Rc4 {
I don't see anything better than} 24. Rxc3 Rxc3 25. Bd2 Rfc8 26. Nxc3 Rxc3 27.
Bxc3 Qxc3 28. a5 Bc5 29. Qa8+ Nf8 $132 {which leads to a double-edged play.}) (
{Black should be O.K also after:} 23. Qb7 Qxa4 24. Be3 (24. Ne4 c2 25. Rxd7
Nxd7 26. Nxc5 Bxc5 27. Bc6 $6 Qd4 28. Qxd7 Qxf2+ 29. Kh1 Ba3 30. Rg1 e5 $36)
24... Nd5 $1 ({After} 24... Rb8 25. Qxb8+ Nxb8 26. Bxc5 Nbd7 27. Be3 {white
may have some ambitions}) 25. Bxd5 Rxd5 26. Rxd5 exd5 27. Nb5 Nf6 28. Nxc3 Qb4
$11) 23... Rc4 {This move is connected with the following exchange sacrifice.}
({At the same time, I don't see anything wrong also with:} 23... Rcc8 24. Qb5 (
24. a5 c2) 24... e5 25. Be3 Rc7 $132 {[%cal Gf8b8]} 26. Na5 $140 $2 c2 27. Rf1
(27. Rd3 e4 28. Nc6 (28. Rb3 Qd6 $17 {[%cal Gd6d1,Gf8b8]}) 28... Rxc6 29. Rxd7
Rc3 $17) 27... Qc3 28. Nc6 Ba3 29. Qd3 Qxd3 30. exd3 Bxc1 31. Rxc1 e4 $17) 24.
Na5 ({After} 24. a5 $6 c2 25. Rf1 Nd5 {black cannot be worse with such a
strong Pc2. More than that, the Qa6 and Nb7 are practically out of play.}) ({
The same will follow after:} 24. Ra1 $6 c2 25. Rdc1 Nd5 $132) 24... Rxf4 $8 {
I can hardly call it 'sacrifice', because black had no other way!} 25. Nc6 ({
A forced draw could arise after:} 25. gxf4 Qxa4 26. e3 ({After} 26. Ra1 Qxf4
27. e3 Qg5 28. Nc6 Bc5 29. Qc4 Nd5 30. Kh1 Qf6 $132 {the weakness of white's
king gives black a sufficient counterplay.}) 26... Nc5 27. Qb6 Ncd7 28. Qa6 $11
(28. Qc7 $2 Bd8 $17) (28. Qa7 $2 Bc5 29. Qa6 Nb8 30. Qa8 c2 {[%cal Oc2d1,Gc5a3]
} 31. Rd2 Bb4 $17)) 25... Qxa4 {Now the draw is practically unavoidable, since
there are only king-side pawns on the board!} 26. Nxe7+ Kh8 27. Qd6 ({After} 
27. Qxa4 Rxa4 28. Rxc3 Ne5 $14 {/= white has only a symbolic advantage.}) 27...
c2 $11 {Black has finally consolidated. Now white has no objective reasons for
searching advantage.} ({Possible was also:} 27... Rc4 28. Bc6 Qa6 29. Bxd7 Qxd6
30. Rxd6 Rc7 $11 {winning the piece back.}) 28. Rd2 $2 {White is playing with
fire and leaves the Pc2 on board!} ({He should accept the draw after:} 28. gxf4
cxd1=Q+ 29. Rxd1 $11) 28... Rc4 $11 29. Bc6 Qb4 {Black doesn't take the real
chance of seizing an advantage!} ({At the same time, after} 29... Qb3 $142 $1
30. Bxd7 Qb2 31. Ng6+ hxg6 32. Qxf8+ Kh7 33. Rdxc2 Rxc2 34. Rxc2 Qxc2 35. Qd6 (
{The rest is worse:} 35. Qxf7 $2 Qd1+ 36. Kg2 Qxd7 $19) ({or} 35. Bc8 $2 g5 $17
{and bad location of the pieces makes white's position critical. For instance,}
36. h3 Qc1+ 37. Kg2 Qc7 $19 {[%csl Rc8][%cal Gf6e4]}) 35... Qxe2 $15 {black's
extra pawn gives him some practical winning chances!}) 30. Qxb4 Rxb4 31. Bxd7
Rb1 {Here draw was agreed in view of: 32.Rdxc2 Rxc1+ 33.Rxc1 Nxd7.} 1/2-1/2